LEADER 01133nam a2200277 i 4500 001 000000218819 003 CaOOAMICUS 005 20250904144038.0 008 130220s2010 it u000 u mul u 020 $a978-88-02-08395-7 040 $aSeMil$bita 100 1 $aXenophon,$d.$0(OLS)http://semarc/name/7990 245 10$aMemorabili /$cdi Senofonte ; a cura di Fiorenza Bevilacqua. 264 1$aTorino :$bUnione Tipografico-Editrice Torinese,$c2010. 300 $a683 p., 5 c. di tav. :$bill ;$c24 cm. 490 1 $aClassici greci 546 $aTesto greco a fronte 700 1 $aBevilacqua, Fiorenza.$0(OLS)http://semarc/name/978 830 0$aClassici greci .$0(OLS)http://semarc/title/66 850 $aSeMil 852 $aSeMil$W1$xVenegono$y1$m1Y IV 22$j261446$B169189$CSeMilBibl$Z2$F179989 $81 961 $aSottoscrizione: UTET (Agente) 996 $6020$a978-88-02-08395-7$9(OLS)http://semarc/number/216654 996 $6245$aMemorabili$9(OLS)http://semarc/title/314068 996 $6264$aTorino :$bUnione Tipografico-Editrice Torinese$9(OLS)http://semarc/publisher/29628 LEADER 01769nam a2200277 i 4500 001 000000030372 003 CaOOAMICUS 005 20220328114600.0 008 180830s1748 it u000 u lat u 040 $aSeMil$bita 100 1 $aIrico, Gian Andrea,$d<1704-1782>.$0(OLS)http://semarc/name/13953 245 10$aSacrosanctus evangeliorum codex S. Eusebii Magni episcopi et martyris manu exaratus ... Opera et studio Joannis Andreae Irici ... Cum ejusdem praefatione, notis, & concordantibus aliorum codicum, & ss. pp. lectionibus. Pars prior [-posterior]. 250 $aNunc primum in lucem prodit. 260 $aMediolani :$bprostant apud Josephum Bonacinam,$c1748. 260 $aMediolani :$bIn Regia Curia,$c1748. 300 $a2 v. :$bill. ;$c4º. 500 $aLa partizione si ricava dall'occhietto. - Non posseduto il vol. 2. 650 4$aBibbia. Nuovo Testamento - Concordanze.$0(OLS)http://semarc/subject/4853 700 0 $aEusebius : Caesariensis,$c.$0(OLS)http://semarc/name/3578 700 1 $aBonacina, Giuseppe,$c.$0(OLS)http://semarc/name/13955 710 2 $aCuria arcivescovile$b.$0(OLS)http://semarc/name/13954 774 0 $tPars prior continens evangelia secundum Matthaeum, et Johannem.$g1$w()181992 996 $6245$aSacrosanctus evangeliorum codex S. Eusebii Magni episcopi et martyris manu exaratus ... Opera et studio Joannis Andreae Irici ... Cum ejusdem praefatione, notis, & concordantibus aliorum codicum, & ss. pp. lectionibus. Pars prior [-posterior]$9(OLS)http://semarc/title/41339 996 $6260$aMediolani :$bIn Regia Curia$9(OLS)http://semarc/publisher/37156 996 $6260$aMediolani :$bprostant apud Josephum Bonacinam$9(OLS)http://semarc/publisher/38507